5S for the Office : (Record no. 33651)

MARC details
000 -LEADER
fixed length control field 00505nam a22001937a 4500
005 - DATE AND TIME OF LATEST TRANSACTION
control field 20230921124930.0
008 - FIXED-LENGTH DATA ELEMENTS--GENERAL INFORMATION
fixed length control field 230919b |||||||| |||| 00| 0 eng d
020 ## - INTERNATIONAL STANDARD BOOK NUMBER
ISBN 9781563273188
082 ## - DEWEY DECIMAL CLASSIFICATION NUMBER
Classification number 651.3
Item number FAB-O
100 ## - MAIN ENTRY--AUTHOR
Author Name Fabrizio,Tom
245 ## - TITLE STATEMENT
Title 5S for the Office :
Remainder of title Organizing the Workplace to Eliminate Waste
250 ## - EDITION STATEMENT
Edition statement 4th.ed
260 ## - PUBLICATION, DISTRIBUTION, ETC.
Place of Publication USA
Name of publisher, distributor, etc. Productivity Press
Date of publication, distribution, etc. 2006
300 ## - PHYSICAL DESCRIPTION
Pages 188
500 ## - GENERAL NOTE
General note Include Index
650 ## - SUBJECT ADDED ENTRY--TOPICAL TERM
Subject / Department Management
700 ## - ADDED ENTRY--PERSONAL NAME
Personal name Thomas A.Fabrizio
952 ## - LOCATION AND ITEM INFORMATION (KOHA)
-- 0
-- 0
Holdings
Lost status Damaged status Collection code Permanent Location Current Location Shelving Location Date acquired Full Call Number Accession No./Barcode Date last seen item type Koha item type
    CS/IT Superior Information Resource Center (SIRC) Superior University- Gold Campus Superior Information Resource Center (SIRC) Superior University- Gold Campus Management 09/19/2023 651.3 FAB-O 2006 20554 09/19/2023 BOOK BOOK

Powered by Koha